Kody Pocztowe w Polsce - Statystyki

Ogólne statystyki
  • Ten quiz został rozwiązany 320 razy
  • Średni wynik to 12 z 99
Statystyki odpowiedzi
Kod Miasto/Dzielnica
% Poprawnych
00 Warszawa Śródmieście
57%
01 Warszawa Bemowo, Bielany, Wola, Żoliborz
39%
02 Warszawa Mokotów, Ochota, Ursus, Ursynów, Włochy, Wilanów
37%
05 Legionowo, Mińsk Mazowiecki, Piaseczno, Pruszków, Otwock, Wołomin
32%
10 Olsztyn
32%
30 Kraków
31%
03 Warszawa Białołęka, Praga Południe, Praga Północ, Targówek
31%
40 Katowice
29%
15 Białystok
27%
20 Lublin
27%
80 Gdańsk
26%
70 Szczecin
25%
04 Warszawa Rembertów, Wawer
24%
09 Płock
23%
60 Poznań
23%
35 Rzeszów
22%
25 Kielce
21%
45 Opole
20%
41 Bytom, Chorzów, Dąbrowa Górnicza, Mysłowice, Ruda Śląska, Siemianowice Śląskie, Sosnowiec, Świętochłowice, Zabrze
19%
81 Gdynia, Sopot
19%
08 Siedlce
19%
75 Koszalin
18%
31 Kraków
18%
65 Zielona Góra
18%
85 Bydgoszcz
17%
42 Częstochowa, Dąbrowa Górnicza
17%
61 Poznań
17%
33 Tarnów, Nowy Sącz
17%
07 Ostrołęka
16%
22 Chełm, Zamość
14%
06 Ciechanów
14%
16 Suwałki
14%
71 Szczecin
14%
87 Toruń, Włocławek
14%
44 Gliwice, Jastrzębie Zdrój, Rybnik,
13%
62 Kalisz, Konin
12%
38 Krosno
12%
34 Nowy Targ, Wadowice, Żywiec
12%
11 Giżycko, Mrągowo
11%
18 Łomża
11%
37 Przemyśl
11%
26 Radom
11%
32 Bochnia, Chrzanów, Myślenice, Olkusz, Oświęcim
10%
66 Gorzów Wielkopolski
10%
27 Starachowice, Ostrowiec Świętokrzyski, Sandomierz
10%
73 Stargard
10%
72 Świnoujście
10%
21 Biała Podlaska
9%
17 Bielsk Podlaski, Hajnówka
9%
59 Legnica
9%
76 Słupsk
9%
43 Bielsko-Biała, Jaworzno, Tychy
8%
90 Łódź Śródmieście
8%
19 Ełk
8%
64 Leszno
8%
95 Pabianice, Zgierz
8%
97 Piotrków Trybunalski
8%
50 Wrocław Śródmieście
8%
82 Elbląg
7%
86 Grudziądz
7%
14 Ostróda, Iława
7%
96 Skierniewice
7%
12 Szczytno
7%
13 Działdowo
6%
88 Inowrocław
6%
58 Jelenia Góra
6%
46 Kluczbork, Namysłów Olesno,
6%
48 Nysa
6%
63 Ostrów Wielkopolski
6%
24 Puławy
6%
98 Sieradz
6%
39 Tarnobrzeg
6%
49 Brzeg
5%
28 Jędrzejów
5%
57 Kłodzko
5%
78 Kołobrzeg
5%
23 Kraśnik
5%
91 Łódź Bałuty
5%
92 Łódź Widzew
5%
56 Oleśnica, Wołów
5%
29 Włoszczowa
5%
36 Brzozów, Kolbuszowa
4%
99 Łowicz
4%
68 Żagań, Żary
4%
74 Gryfino
3%
84 Lębork, Wejherowo
3%
93 Łódź Górna
3%
94 Łódź Polesie
3%
55 Oława
3%
69 Słubice
3%
51 Wrocław Psie Pole
3%
89 Chojnice, Nakło nad Notecią
2%
67 Głogów
2%
47 Kędzierzyn-Koźle, Racibórz
2%
83 Pruszcz Gdański
2%
52 Wrocław Krzyki
2%
77 Bytów
1%
54 Wrocław Fabryczna
1%
53 Wrocław Stare Miasto
0%
Nie znaleziono quizów pasujących do podanych kryteriów
Rozkład punktacji
Procent ludzi z każdym wynikiem
Percentyl według liczby udzielonych odpowiedzi
Twoja historia wyników
Nie rozwiązałeś tego quizu